00364nam a22001337a 4500003000400000005001700004008004100021020001500062050002000077082002200097100001900119245007100138300002100209OSt20140310182032.0130814t xxu||||| |||| 00| 0 eng d a9719174935 aB 69b.K82 1999 aHS 170 bK79 1999 aKong , Francis aThree little words :bon life, on love, on laughs /cFrancis Kong  a181 p. :c20 cm.